El proceso de enseñanza-aprendizaje en la situación educativa

Gespeichert in:
Bibliographische Detailangaben
1. Verfasser: Rivas, Francisco (VerfasserIn)
Format: Buch
Sprache:Spanisch
Veröffentlicht: Barcelona Ariel 1997
Schriftenreihe:Ariel Psicología
Schlagworte:
Tags: Tag hinzufügen
Keine Tags, Fügen Sie den ersten Tag hinzu!

MARC

LEADER 00000nam a2200000 a 4500
001 UCL2894
003 CL-VaPUC
008 031107e19970000SP |||||||||||||||||spa|d
020 |a 8434408732 
082 0 4 |a 370.15  |b RIV  |2 21 
100 0 |a Rivas, Francisco  |e author  |9 480065 
245 1 3 |a El proceso de enseñanza-aprendizaje en la situación educativa 
300 |a 382 p 
942 |c BK 
945 |d 20031107 00:00:00  |a cmena 
260 |a Barcelona  |b Ariel  |c 1997 
650 0 |a Psicología educacional   |9 307830 
650 0 |a Psicología social   |9 222894 
650 0 |a Motivación   |9 315362 
650 0 |a Métodos de enseñanza  |9 270413 
650 0 |a Evaluación de la educación   |9 237505 
583 |a last modification  |c 20031107 00:00:00  |k Rodrigo Vera 
490 0 |a Ariel Psicología 
999 |c 306067  |d 306065 
952 |0 0  |1 0  |4 0  |6 370_150000000000000_RIV_1997  |7 0  |8 A  |9 370782  |a BIBEDU  |b BIBEDU  |d 2019-11-21  |i 3959449  |o 370.15 RIV 1997  |p 3959449  |r 2019-11-21  |w 2019-11-21  |y BK  |k PSI